000 00741nam a2200253 a 4500
001 000011361
003 000011361
005 20220323104428.0
008 091016s1996 dr 001 0 spa d
040 _aBPMSU
_bspa
_cBPMSU
049 _aBNPD
092 _a170
_bG731a
100 1 _aGracián, Baltasar,
_d1601-1658
245 1 3 _aEl arte de la prudencia /
_cBaltasar Gracián
260 _aSanto Domingo :
_bEditora de Santo Domingo,
_c1996.
300 _a118 p. ;
_c21 cm.
650 4 _aPRUDENCIA
650 4 _aÉTICA
_xCITAS, MÁXIMAS, ETC.
650 4 _aCONDUCTA (ÉTICA)
_xCITAS, MÁXIMAS, ETC.
650 4 _aAFORISMOS Y APOTEGMA
942 _2ddc
_cBK
945 _aInventariado, 2017/MFF
956 _aYngrid Lockward
_b10
_lBND01
999 _c7170
_d7170